00673nam a2200229 a 4500001001300000003000900013005001700022008004100039020002300080082001300103100001700116245004300133260003600176300001000212500003500222650002300257700001700280902000800297942000700305952011400312999001700426nice12345678IN_TiNIC20260116014011.0131001s2006 newa grp 000 0 eng  a9780140449174c29900a820bTOL aTolstoy, Leo aAnna Kareninab A Novel in Eight Parts aNew DelhibPenguin Books c2006 a837p  aincludes index and biblioraphy aEnglish-Literature1 aTolstoy, Leo bSRS cBK 001040708StackRoom-aHMIbHMId2013-10-01g299.00l0o820 TOLp024100r2013-10-01v299.00w2013-10-01yBK c13441d13441